logo

Bir Sreshtho Munshi Abdur Rouf Library
Jhenaidah Cadet College

Fundamentals of Electrical engineering / (Record no. 8980)

MARC details
000 -LEADER
fixed length control field 00678cam a2200241 a 4500
001 - CONTROL NUMBER
JCCL Control Number 8980
003 - CONTROL NUMBER IDENTIFIER
JCCL marc code BD-JhCC
005 - DATE AND TIME OF LATEST TRANSACTION
control field 20230731103536.0
008 - FIXED-LENGTH DATA ELEMENTS--GENERAL INFORMATION
fixed length control field 180718s flua b 001 0 eng
035 ## - SYSTEM CONTROL NUMBER
system control number (BD-JhCC)8980
040 ## - CATALOGING SOURCE
Original cataloging agency DLC
Transcribing agency DLC
Modifying agency DLC
-- BD-JhCC
041 ## - LANGUAGE CODE
Language code of Book eng
082 00 - DEWEY DECIMAL CLASSIFICATION NUMBER
Classification number 621.3
DDC Edition number 23
Author mark and Year KUZ
100 1# - MAIN ENTRY--PERSONAL NAME
Personal name Kuznetsov, M.
245 10 - TITLE STATEMENT
Title Fundamentals of Electrical engineering /
Statement of responsibility, etc M. Kuznetsov,
260 ## - PUBLICATION, DISTRIBUTION, ETC. (IMPRINT)
Place of publication, distribution, etc Moscow :
Name of publisher, distributor, etc Peace,
300 ## - PHYSICAL DESCRIPTION
Pagination 460 P. :
Other physical details ill. ;
Dimensions 21 cm.
504 ## - BIBLIOGRAPHY, ETC. NOTE
Bibliography, etc Includes bibliographical references and index.
650 #0 - SUBJECT ADDED ENTRY--TOPICAL TERM
Topical term or geographic name as entry element Electrical engineering
Form subdivision Popular works.
650 #0 - SUBJECT ADDED ENTRY--TOPICAL TERM
Topical term or geographic name as entry element Electricity
Form subdivision Popular works.
942 ## - ADDED ENTRY ELEMENTS (KOHA)
Source of classification or shelving scheme Dewey Decimal Classification
Koha item type Books
Holdings
Source of classification or shelving scheme Damaged status Not for loan Home library Current library Shelving location Total Checkouts Full call number Barcode Date last seen Copy number Koha item type
Dewey Decimal Classification     JCC Rouf Library JCC Rouf Library General Stacks   621.3 KUZ 11071 03/06/2018 C - 1 Books

JCC Library | Contacts | JCC Home

Last Update on 23 September 2017
Copyright @ 2017-2020 JCC Rouf Library
Rouf Library, Jhenidah Cadet College (JCC), Bangladesh